STOCHASTICKÝ PRÍSTUP K MODELOVANIU ERÓZNEHO SPLACHU ZO SVAHU

Bibliographic Details
Main Author: Hlavčová, Kamila, 1959- (Author)
Format: Article
Language:Slovak

MARC

LEADER 00000nab a2200000 a 4500
001 vtls010724467
003 SK-MaSNL
005 20260304192916.0
008 250709s1993 xo |||||||||||||||||slo|
035 |a (urnnbn)urn:nbn:sk:snk:ar-a04v8b 
035 |a (uuid)04f09b75-15f5-4731-b3a3-facf756db809 
035 |a urn:nbn:sk:snk-ab3om3 
040 |a SNKBUCL  |b slo  |c SNKBUCL  |e AACR2 
041 0 |a slo 
044 |a xo  |c SK 
100 1 |a Hlavčová, Kamila,  |d 1959-  |4 aut  |9 211393 
245 1 0 |a STOCHASTICKÝ PRÍSTUP K MODELOVANIU ERÓZNEHO SPLACHU ZO SVAHU  |c Kamila Hlavčová 
773 0 |t Journal of hydrology and hydromechanics  |g Roč. 41, č. 1 (1993), s. 68-82 
850 |a Slovenská národná knižnica 
852 |a Slovenská národná knižnica 
954 |a odborná, vedecká literatúra pôvodná (slovenská)  |2 lita 
958 |a article1 
958 |a OND 
958 |a EUIPO 
999 |c 3064721  |d 3066651